Statistiken für Beste Bundesliga Torschützen VfL Bochum

Klicken Sie hier um das Quiz zu spielen!

Allgemein

  • Dieses Quiz wurde 184 mal gespielt
    (18 seit der letzten Aktualisierung)
  • Das Durchschnittsergebnis liegt bei 10 aus 38

Antwortstatistiken

SaisonNationalitätToreSpieler% Korrekt
2006/07Griechenland20Theofanis Gekas
94%
2023/24Österreich7Kevin Stöger
72%
1998/99Deutschland6Stefan Kuntz
67%
1985/86Deutschland22Stefan Kuntz
67%
2022/23Deutschland7Philipp Hofmann
61%
2002/03Spanien21Thomas Christiansen
50%
2021/22Deutschland10Sebastian Polter
44%
2009/10Slowakei6Stanislav Šesták
44%
2008/09Slowakei9Stanislav Šesták
44%
2007/08Slowakei13Stanislav Šesták
44%
2003/04Iran16Vahid Hashemian
44%
2004/05Tschechien10Vratislav Lokvenc
28%
1979/80Deutschland
13
Hans-Joachim Abel
22%
1978/79Deutschland11Hans-Joachim Abel
22%
1977/78Deutschland15Hans-Joachim Abel
22%
2000/01Kroatien8Marijo Marić
22%
1997/98Deutschland6Peter Peschel
22%
1991/92Deutschland11Uwe Wegmann
22%
1994/95Deutschland11Uwe Wegmann
22%
1992/93Deutschland13Uwe Wegmann
22%
1971/72Deutschland22Hans Walitza
17%
1973/74Deutschland13Hans Walitza
17%
1972/73Deutschland18Hans Walitza
17%
1982/83Deutschland8Christian Schreier
11%
1983/84Deutschland18Christian Schreier
11%
1984/85Deutschland16Klaus Fischer
11%
1989/90Deutschland10Uwe Leifeld
11%
1987/88Deutschland13Uwe Leifeld
11%
1988/89Deutschland13Uwe Leifeld
11%
1996/97Deutschland10Georgi Donkov
6%
1976/77Deutschland21Jupp Kaczor
6%
1975/76Deutschland12Jupp Kaczor
6%
1980/81Deutschland17Kurt Pinkall
6%
1986/87Deutschland11Frank Schulz
0%
1990/91Deutschland11Stefan Kohn
0%
1974/75Deutschland14Werner Balte
0%
1982/83Deutschland8Wolfgang Patzke
0%
1981/82Deutschland13Wolfgang Patzke
0%

Verteilung der Resultate

Perzentil nach korrekt beantworteten Fragen

Anzahl Personen mit jedem Resultat

Ihre Resultats-Entwicklung

Sie haben dieses Quiz seit der letzten Aktualisierung nicht gespielt